Normal view
MARC view
- LEVINE, DAVID M,BERNSON, MASK L
Entry Personal Name
001 - CONTROL NUMBER
- control field: 76170
003 - CONTROL NUMBER IDENTIFIER
- control field: NUST
005 - DATE AND TIME OF LATEST TRANSACTION
- control field: 20210628205607.0
008 - FIXED-LENGTH DATA ELEMENTS
- fixed length control field: 210628|| aca||aabn | a|a d
040 ## - CATALOGING SOURCE
- Original cataloging agency: NUST
- Transcribing agency: NUST
100 ## - HEADING--PERSONAL NAME
- Personal name: LEVINE, DAVID M,BERNSON, MASK L
670 ## - SOURCE DATA FOUND
- Source citation: Work cat.: (NUST): LEVINE, DAVID M,BERNSON, MASK L, BASIC BUSINESS STATISTICS CONCEPTS AND APPLICATIONS, 1979
